Score 0/18 Timer 04:00
1 Play Today
Clue Answer % Correct
Unincorporated territory of the United States located in the CaribbeanPuerto Rico
94.3%
Boston silversmith known for his 'midnight ride' during the American RevolutionPaul Revere
87.1%
Beatrix Potter's classic tale about this bunnyPeter Rabbit
81.6%
Site where the Pilgrims landed in 1620Plymouth Rock
79.9%
Mighty Morphin teenagers with super-powersPower Rangers
79.8%
An event to build pride for a high school or college sports teampep rally
79.7%
Prince's song, album, and film released in 1984Purple Rain
79.5%
A written or recorded statement sent to the media for the purpose of announcing something newsworthypress release
68.1%
American reality television series focusing on fashion design and hosted by Heidi KlumProject Runway
65.2%
Clue Answer % Correct
A braised beef dish typically prepared by slow-cooking in or over liquid in a covered dishpot roast
64.1%
Former Major League Baseball player nicknamed 'Charlie Hustle'Pete Rose
53.7%
Star of films such as 'The 40 Year Old Virgin', 'Knocked Up', and 'I Love You, Man'Paul Rudd
53.5%
Non-violent civil disobedience employed by Mahatma Gandhipassive resistance
40.7%
A person who engages in compulsive hoardingpack rat
37.4%
Televangelist and host of the '700 Club'Pat Robertson
36.3%
Portrayed Clair Huxtable on 'The Cosby Show'Phylicia Rashad
28.5%
1985 film directed and starring Clint EastwoodPale Rider
10.3%
The name given to Google's link popularity measuring systemPage Rank
5.5%

You're not logged in!

Compare scores with friends on all Sporcle quizzes.
OR
Log In

Sporcle TV

Today on Sporcle TV


Watch our educational content, quiz creation guides, and fun videos on Sporcle TV.

Show Comments

Extras

Top Quizzes Today


Score Distribution

Paid Content

Your Account Isn't Verified!

In order to create a playlist on Sporcle, you need to verify the email address you used during registration. Go to your Sporcle Settings to finish the process.

Report this User

Report this user for behavior that violates our Community Guidelines.

Details: